Europe Map Click Quiz in German - Statistics

General Stats
  • This quiz has been taken 106 times
  • The average score is 35 of 45
Answers on the Map
Answers color-coded by a green-red scale on the quiz's map according to % correct below.
 
Answer Stats
Answer % Correct
Frankreich
89%
Portugal
88%
Spanien
88%
Deutschland
86%
Irland
86%
Island
86%
Italien
86%
Griechenland
85%
Dänemark
83%
Großbritannien
83%
Norwegen
83%
Luxemburg
82%
Niederlande
82%
Russland
82%
Belgien
81%
Finnland
81%
Polen
81%
Schweiz
81%
Ukraine
81%
Estland
79%
Österreich
79%
Liechtenstein
78%
Schweden
78%
Albanien
76%
Lettland
76%
Rumänien
76%
Weißrussland
76%
Andorra
75%
Bosnien und Herzegowina
75%
Kosovo
75%
Litauen
75%
San Marino
75%
Tschechien
75%
Ungarn
75%
Vatikanstadt
75%
Bulgarien
74%
Monaco
74%
Serbien
74%
Kroatien
72%
Malta
72%
Nordmazedonien
72%
Slowakei
72%
Slowenien
72%
Montenegro
71%
Moldawien
69%
No matching quizzes found
Score Distribution
Percent of People with Each Score
Percentile by Number Answered
Your Score History
You have not taken this quiz